| 000 | 00732nam a2200217 a 4500 | ||
|---|---|---|---|
| 001 | 22939 | ||
| 003 | CO-ViMGA | ||
| 008 | 141112s2004 ck r 000 u spa d | ||
| 020 | _a8497323750 | ||
| 040 |
_aCO-ViMGA _bspa _cCO-ViMGA |
||
| 082 | 0 | 4 | _a658.041 C174g |
| 100 | 1 |
_aCasillas Bueno, Josè _932959 |
|
| 245 | 1 | 0 | _aLa gestiòn de la empresa familiar |
| 260 |
_aEspaña : _bThomson |
||
| 300 | _a276p. | ||
| 505 | _aLa empresa familiar, La problematica especifica de la empresa, Empresa y familia, El protocolo familiar, La continuidad de la empresa familiar | ||
| 650 | 1 | 4 |
_aADMINISTRACION DE EMPRESAS FAMILIARES _932960 |
| 650 | 1 | 4 |
_aEMPRESAS FAMILIARES _910313 |
| 650 | 1 | 4 |
_aGESTION EMPRESARIAL _93284 |
| 942 |
_2ddc _cBK |
||
| 999 |
_c31229 _d31229 |
||